Egy megkésett tanulmánykötet mai esélyei (Miko, Frantisek Az epikától a líráig. Az irodalmi mű stilisztikai vizsgálata) /

Elmentve itt :
Bibliográfiai részletek
Szerző: Benyovszky Krisztián
Dokumentumtípus: Cikk
Megjelent: 2001
Sorozat:Iskolakultúra 11 No. 8
Online Access:http://misc.bibl.u-szeged.hu/40034
LEADER 00672nab a2200169 i 4500
001 misc40034
005 20191106140847.0
008 180709s2001 hu o 0|| zxx d
022 |a 1215-5233 
040 |a SZTE Miscellanea Repozitórium  |b hun 
041 |a zxx 
100 1 |a Benyovszky Krisztián 
245 1 0 |a Egy megkésett tanulmánykötet mai esélyei (Miko, Frantisek  |h [elektronikus dokumentum] :  |b Az epikától a líráig. Az irodalmi mű stilisztikai vizsgálata) /  |c  Benyovszky Krisztián 
260 |c 2001 
300 |a 111-116 
490 0 |a Iskolakultúra  |v 11 No. 8 
856 4 0 |u http://misc.bibl.u-szeged.hu/40034/1/EPA00011_iskolakultura_2001_08_111-116.pdf  |z Dokumentum-elérés